000
00333 a2200145 4500
001
176315
020
_a
040
_c
Magnum
100
_a
Furtado, Maria Cristina
240
1
0
_a
Magia o mestre dos sonhos
_l
por
245
1
0
_a
Magia o mestre dos sonhos
362
0
_a
1899
697
_a
MAGNITO: IJ/SOCIEDADE COTIDIAN
942
_c
BK
999
_c
176315
_d
176315